| 000 | 00000nam##2200000za#4500 |
| 001 | 9.699988 |
| 003 | CaOODSP |
| 005 | 20210625000630 |
| 007 | cr ||||||||||| |
| 008 | 150407|2000||||xxc|||||o f|0| 0 eng|d |
| 040 | |aCaOODSP|beng |
| 043 | |an-cn--- |
| 086 | 1 |aFs23-392/2000E-PDF |
| 110 | 1 |aCanada.|bDepartment of Fisheries and Oceans. |bCanadian Coast Guard. |
| 245 | 10|aSAR seamanship reference manual |h[electronic resource] |
| 250 | |a1st edition |
| 260 | |aOttawa - Ontario : |bFisheries and Oceans Canada. |c2000. |
| 300 | |a468p.|bfigs., references, tables |
| 500 | |aThe Cat. No. (Fs23-392/2000E) and ISBN (0-660-18352-8) of the print edition have been incorrectly copied in the pdf edition. |
| 590 | |a14-16-Supp|b2014-09-25 |
| 775 | 08|tRecherche et sauvetage à bord de petits bateaux |w(CaOODSP)9.643887 |
| 856 | 40|ahttp://publications.gc.ca|qPDF|s6331 KB|uhttps://publications.gc.ca/collections/collection_2014/mpo-dfo/Fs23-392-2000-eng.pdf |